Events, dear boy (Record no. 76239)

MARC details
000 -LEADER
fixed length control field 01310cab a2200205 4500
001 - CONTROL NUMBER
control field ##L131677
008 - FIXED-LENGTH DATA ELEMENTS--GENERAL INFORMATION
fixed length control field 051129n2005 000 0 eng u
035 ## - SYSTEM CONTROL NUMBER
System control number (Sirsi) u131677
041 0# - LANGUAGE CODE
Language code of text/sound track or separate title eng
100 1# - MAIN ENTRY--PERSONAL NAME
Personal name Yule, Ian
245 00 - TITLE STATEMENT
Title Events, dear boy
260 ## - PUBLICATION, DISTRIBUTION, ETC.
Date of publication, distribution, etc. 2005
490 #0 - SERIES STATEMENT
Series statement Building
Volume/sequential designation 270(8407) 18 November 2005, 70(1)
520 ## - SUMMARY, ETC.
Summary, etc. Warns employers that in the New Engineering Contract (Third Edition) enables a contractor to claim any event that could not have been prevented by the parties or been so unlikely that it would have been unreasonable to have been allowed for as a compensation event. This would give the contractor additional money and an extension of time following a subcontractor insolvency or unexpected shortage of materials or labour. Employer interference in key project dates can also give rise to a compensation event whilst employers' interim payment obligations are increased in the new target cost option.
650 24 - SUBJECT ADDED ENTRY--TOPICAL TERM
Topical term or geographic name entry element NEW ENGINEERING CONTRACT (THIRD EDITION)
650 24 - SUBJECT ADDED ENTRY--TOPICAL TERM
Topical term or geographic name entry element NEC ENGINEERING AND CONSTRUCTION CONTRACT: OPTION C (THIRD EDITION)
650 24 - SUBJECT ADDED ENTRY--TOPICAL TERM
Topical term or geographic name entry element NEC ENGINEERING AND CONSTRUCTION CONTRACT: OPTION D (THIRD EDITION)
690 ## - LOCAL SUBJECT ADDED ENTRY--TOPICAL TERM (OCLC, RLIN)
Topical term or geographic name as entry element BUILT ENVIRONMENT-BUILDING CONTRACT FORMS-STANDARD FORMS OF BUILDING CONTRACT-NEW ENGINEERING CONTRACT CONTRACTS
942 ## - ADDED ENTRY ELEMENTS (KOHA)
Suppress in OPAC 0
Holdings
Withdrawn status Lost status Source of classification or shelving scheme Damaged status Not for loan Home library Current library Shelving location Date acquired Total Checkouts Full call number Barcode Date last seen Copy number Price effective from Koha item type
    Dewey Decimal Classification     London London Journal article 29/11/2005   L131677 131677-1001 06/08/2019 1 06/08/2019 Journal article